Normal view
MARC view
- اعداد عبد الخالق، غسان اسماعيل
Entry Personal Name
001 - CONTROL NUMBER
- control field: 33542
003 - CONTROL NUMBER IDENTIFIER
- control field: JO-AjAnu
005 - DATE AND TIME OF LATEST TRANSACTION
- control field: 20230606075627.0
008 - FIXED-LENGTH DATA ELEMENTS
- fixed length control field: 230606|| aca||aabn | a|a d
040 ## - CATALOGING SOURCE
- Original cataloging agency: JO-AjAnu
- Transcribing agency: JO-AjAnu
100 ## - HEADING--PERSONAL NAME
- Personal name: اعداد عبد الخالق، غسان اسماعيل
670 ## - SOURCE DATA FOUND
- Source citation: Work cat.: (JO-AjAnu)17232: اعداد عبد الخالق، غسان اسماعيل, author, وقائع حلقة النقاش الأولى حول تطوير أساليب تعليم اللغة العربية لغير الناطقين بها 8 كانون الثاني 1997